| 000 | 00679nam a22002417a 4500 | ||
|---|---|---|---|
| 001 | 6679 | ||
| 003 | CDMR | ||
| 005 | 20131204134202.0 | ||
| 007 | tA | ||
| 008 | 131204b1996 esp||||| |||| 00| 0 spa d | ||
| 020 | _a8430928456 | ||
| 024 |
_2DL _aM209371996 |
||
| 040 |
_aCDMR _bcat _cCDMR |
||
| 100 | 1 |
_94216 _aBoladeras, Margarita |
|
| 245 |
_aComunicación, ética y política _b: Habermas y sus críticos _cMargarita Boladeras |
||
| 260 |
_aMadrid _bTecnos _c1996 |
||
| 300 | _a236 p. | ||
| 490 | 0 | _aVentana Abierta | |
| 600 | 1 |
_91141 _aHabermas, Jürgen |
|
| 650 | 0 | 4 |
_9980 _aComunicació _xAspectes ètics i morals |
| 650 | 0 | 4 |
_94353 _aComunicació _xFilosofia |
| 942 |
_2udc _cMON |
||
| 999 |
_c6679 _d6679 |
||